Score 0/41 Timer 10:00
0 Plays Today
Speciality Ology % Correct
HeartCardiology
79.4%
HumansAnthropology
74.2%
SkinDermatology
74.2%
PoisonsToxicology
62.5%
MapsCartology
60%
CancerOncology
60%
Origin of wordsEtymology
57.5%
BirdsOrnithology
57.5%
Prehistoric lifePaleontology
57.5%
KnowledgeEpistemology
55%
CodesCryptology
50%
EarthquakesSeismology
48.4%
HormonesEndocrinology
47.5%
Mushrooms & FungiMycology
47.5%
Reptiles & Amphibians Herpetology
47.5%
Nervous SystemNeurology
45.2%
InsectsEntomology
45%
HandwritingGraphology
45%
FlagsVexillology
45%
Kidney diseasesNephrology
42.5%
The SunHeliology
42.5%
Speciality Ology % Correct
BonesOsteology
42.5%
Patterns in health-eventsEpidemiology
40%
FishIchthyology
37.5%
Lakes and pondsLimnology
35%
SleepHypnology
25%
Butterflies and MothsLepidopterology
23.5%
The MoonSelenology
22.5%
BeardsPogonology
22.5%
Bird nestingOology
20%
GrassAgrostology
17.9%
SoilPedology
17.5%
CavesSpeleology
17.5%
CellsCytology
15%
CloudsNephology
15%
Beer matsTegestology
12.5%
FruitPomology
11.8%
RiversPotamology
10%
AlgaePhycology
7.5%
LawNemology
7.5%
GlandsAdenology
5%
Remove Ads.
Support Sporcle.
Get the best of Sporcle when you Go Orange. This ad-free experience offers more features, more stats, and more fun while also helping to support Sporcle. Thank you for becoming a member.

You're not logged in!

Compare scores with friends on all Sporcle quizzes.
OR
Log In

Show Comments

Extras

Top Quizzes Today


Score Distribution

Your Account Isn't Verified!

In order to create a playlist on Sporcle, you need to verify the email address you used during registration. Go to your Sporcle Settings to finish the process.

Report this User

Report this user for behavior that violates our Community Guidelines.

Details: